000 00342cam a22001217a 4500
008 180718b1965 xxu||||| |||| 00| 0 eng d
082 _aB234x6 On9
100 _aOnuoha, Father Bede
245 _aElements of African socialism
_cby Father Bede Onuoha
260 _aLondon
_bAndre Deutsch
_c1965
300 _a139p
650 _aSocialism --Africa.
999 _c420465
_d420465